Memoria e identidad en tiempos de amnesia: Manuel Vásquez Montalbán y Julio Llamazarez
Gardado en:
| Autor Principal: | |
|---|---|
| Formato: | Desconocido |
| Publicado: |
San José, Costa Rica:
Porvenir,
|
| Materias: | |
| Etiquetas: |
Engadir etiqueta
Sen Etiquetas, Sexa o primeiro en etiquetar este rexistro!
|
MARC
| LEADER | 000000000a22000000004500 | ||
|---|---|---|---|
| 001 | 001707 | ||
| 022 | |a 0804-7383 | ||
| 041 | 0 | |a español | |
| 092 | 0 | |a Revista Noruega de Estudios Latinoamericanos | |
| 100 | 1 | |a Izquierdo, José María | |
| 245 | 1 | 0 | |a Memoria e identidad en tiempos de amnesia: |b Manuel Vásquez Montalbán y Julio Llamazarez |
| 260 | |a San José, Costa Rica: |b Porvenir, | ||
| 650 | 4 | |a IDENTIDAD COLECTIVA | |
| 773 | 0 | |t Revista Noruega de Estudios Latinoamericanos. Corriente del Golfo | |
| 773 | 0 | |g número 3-4 (1998) | |
| 773 | 0 | |g 1970-? | |
| 773 | 0 | |g 343-362 páginas | |
| 999 | |c 1998 |d 1998 | ||
